000 00683nam a22002057a 4500
003 OSt
005 20250822074844.0
008 250822b |||||||| |||| 00| 0 eng d
020 _a 971-08-7144-7
040 _aDWCL MAIN LIB
_cOC
082 _24th edition
_aFil 370.1 B328f 2012
100 _aBAUZON, PRISCILLANO T.
245 _aFundamental philosophies of education /
_cBAUZON, PRISCILLANO T.
250 _a4th edition
260 _aMandaluyong City, Phils. :
_bNational Book Store,
_cc2012.
300 _a xvii, 223 pages :
_billustrations ;
_c22 cm.
504 _aIncludes bibliography
650 _2Education--Philosophy.
942 _2ddc
_cBK - FIL
_e4th edition
_kFil
_n0
999 _c4206
_d4206